[Event "CZE-ch U14"]
[Site "Kouty nad Desnou"]
[Date "2020.03.09"]
[Round "4"]
[White "Mohapl, Tomas"]
[Black "Licka, Denis"]
[Result "1/2-1/2"]
[WhiteElo "1654"]
[BlackElo "1594"]
[PlyCount "80"]
[EventDate "2020.03.07"]
[EventType "swiss"]
[EventRounds "7"]
[EventCountry "CZE"]
[SourceTitle "CBM 195 Extra"]
[Source "ChessBase"]
[SourceDate "2020.05.31"]
[SourceVersion "1"]
[SourceVersionDate "2020.05.31"]
[SourceQuality "1"]

1. e4 c5 2. Nf3 d6 3. d4 cxd4 4. Nxd4 Nf6 5. Nc3 a6 6. f3 e5 7. Nb3 Be6 8. Be3 h5 9. Qd2 Nbd7 10. Be2 Rc8 11. 0-0 h4 12. a4 h3 13. g3 Nb6 14. a5 Nc4 15. Bxc4 Bxc4 16. Rfd1 Be6 17. Na4 Qc7 18. Nb6 Rb8 19. Nc1 Be7 20. Ne2 0-0 21. Nc3 Qc6 22. Rac1 Rfd8 23. Ncd5 Bxd5 24. Nxd5 Nxd5 25. Qxd5 Qxd5 26. Rxd5 Rbc8 27. Bb6 Rd7 28. c4 Bd8 29. Bxd8 Rdxd8 30. g4 Rc5 31. b4 Rc6 32. Kf2 Rdc8 33. b5 axb5 34. Rxb5 Rc5 35. Rcb1 Rxc4 36. Rxb7 Rc2+ 37. Kg3 Rg2+ 38. Kxh3 Rcc2 39. Rh1 Ra2 40. a6 Rgf2 1/2-1/2

[Event "EU-ch U12"]
[Site "Bratislava"]
[Date "2019.08.09"]
[Round "8"]
[White "Radaca, Nasir"]
[Black "Licka, Denis"]
[Result "0-1"]
[WhiteElo "1697"]
[BlackElo "1523"]
[PlyCount "120"]
[EventDate "2019.08.02"]
[EventType "swiss"]
[EventRounds "9"]
[EventCountry "SVK"]
[SourceTitle "EXT 2020"]
[Source "ChessBase"]
[SourceDate "2019.10.17"]
[SourceVersion "1"]
[SourceVersionDate "2019.10.17"]
[SourceQuality "1"]

1. e4 c5 2. Nf3 d6 3. d4 cxd4 4. Nxd4 Nf6 5. Nc3 a6 6. Bc4 e6 7. Be3 Be7 8. Qd2 Ng4 9. 0-0 Nxe3 10. Qxe3 0-0 11. Rad1 b5 12. Bb3 Bb7 13. Bxe6 fxe6 14. Nxe6 Qc8 15. Nxf8 Bxf8 16. Qe2 Nd7 17. Nd5 Bxd5 18. exd5 Ne5 19. Kh1 Qc4 20. Qxc4 Nxc4 21. Rb1 Nd2 22. Kg1 Nxb1 23. Rxb1 Rc8 24. c3 Rc5 25. Rd1 Kf7 26. f4 Kf6 27. Kf2 Rc4 28. Kf3 Rc5 29. h4 h5 30. g3 a5 31. a3 b4 32. cxb4 axb4 33. a4 Rc2 34. Rb1 Kf5 35. a5 Be7 36. a6 Rc7 37. Ra1 Ra7 38. Ra4 b3 39. Ra3 Bf6 40. Rxb3 Rxa6 41. Rb5 Bd4 42. Rb4 Bc5 43. Rb8 Rb6 44. Rf8+ Kg6 45. f5+ Kh7 46. Kf4 Rxb2 47. Kg5 Rd2 48. Kxh5 Rxd5 49. g4 g6+ 50. Kg5 Kg7 51. Re8 Re5 52. Rxe5 dxe5 53. fxg6 e4 54. Kf4 e3 55. Kf3 Kxg6 56. g5 Kf5 57. Ke2 Ke4 58. h5 Be7 59. g6 Bf8 60. Kd1 Kd3 0-1

[Event "EU-ch U12"]
[Site "Bratislava"]
[Date "2019.08.02"]
[Round "1"]
[White "Licka, Denis"]
[Black "Costa, Leonardo"]
[Result "1/2-1/2"]
[WhiteElo "1523"]
[BlackElo "1939"]
[PlyCount "126"]
[EventDate "2019.08.02"]
[EventType "swiss"]
[EventRounds "9"]
[EventCountry "SVK"]
[SourceTitle "EXT 2020"]
[Source "ChessBase"]
[SourceDate "2019.10.17"]
[SourceVersion "1"]
[SourceVersionDate "2019.10.17"]
[SourceQuality "1"]

1. e4 e5 2. Nf3 Nc6 3. Bb5 a6 4. Ba4 Nf6 5. d3 b5 6. Bb3 Bc5 7. c3 d6 8. 0-0 0-0 9. Nbd2 Bb6 10. Re1 Ne7 11. Nf1 h6 12. Ng3 Ng6 13. a4 Bd7 14. Nf5 d5 15. Ng3 dxe4 16. Nxe4 Nxe4 17. dxe4 Bc6 18. Qc2 Qf6 19. Rd1 Rad8 20. Be3 Bxe3 21. fxe3 Rxd1+ 22. Rxd1 Rd8 23. axb5 axb5 24. Bd5 Be8 25. Qd3 Rd6 26. Qb1 Nh4 27. Rf1 Nxf3+ 28. Rxf3 Qe7 29. Qa2 c6 30. Bb3 Rd7 31. Qa8 Qd8 32. Qxd8 Rxd8 33. Kf1 Kf8 34. Ke1 f6 35. Rf2 Bg6 36. Bc2 Ke7 37. Rd2 Ra8 38. Bd3 Ra4 39. b4 Ra3 40. Rc2 Kd6 41. Kd1 Bf7 42. Kc1 Ra1+ 43. Kb2 Rd1 44. Be2 Re1 45. Rd2+ Ke7 46. Bg4 Be6 47. Re2 Rh1 48. Bxe6 Kxe6 49. h3 Rg1 50. Kc2 h5 51. Rf2 g6 52. Kd3 Rd1+ 53. Rd2 Rf1 54. Ke2 Rc1 55. Kd3 Rg1 56. Rf2 Rd1+ 57. Rd2 Rf1 58. Ke2 Rg1 59. Kd3 f5 60. exf5+ gxf5 61. e4 fxe4+ 62. Kxe4 Re1+ 63. Kf3 Rc1 1/2-1/2

[Event "CZE-chT U18 Extraliga final-B 1819"]
[Site "Czech Republic"]
[Date "2019.04.14"]
[Round "11.2"]
[White "Hofman, Krystof"]
[Black "Licka, Denis"]
[Result "1-0"]
[WhiteElo "1940"]
[BlackElo "1447"]
[PlyCount "141"]
[EventDate "2018.10.05"]
[EventType "team-tourn"]
[EventRounds "11"]
[EventCountry "CZE"]
[SourceTitle "EXT 2023"]
[Source "ChessBase"]
[SourceDate "2022.10.05"]
[SourceVersion "1"]
[SourceVersionDate "2022.10.05"]
[SourceQuality "1"]
[WhiteTeam "Novoborsky U18"]
[BlackTeam "Frydek Mistek BSS (U18) II"]
[WhiteTeamCountry "CZE"]
[BlackTeamCountry "CZE"]

1. d4 Nf6 2. c4 e6 3. Nf3 Bb4+ 4. Bd2 c5 5. Bxb4 cxb4 6. g3 Nc6 7. Bg2 d6 8. 0-0 0-0 9. a3 bxa3 10. Rxa3 e5 11. Nc3 Bg4 12. dxe5 dxe5 13. Qxd8 Rfxd8 14. e3 Rd7 15. Na4 Rad8 16. h3 Bf5 17. Nc5 Rc7 18. Nh4 Bc8 19. g4 Nb4 20. Ra4 Rxc5 21. Rxb4 b6 22. Ra1 Rc7 23. Rba4 a5 24. Rc1 Rc5 25. b4 axb4 26. Rxb4 Be6 27. Bf1 Rb8 28. Rcb1 Nd7 29. Nf3 h6 30. Rb5 Rbc8 31. Nd2 f5 32. f3 Rxb5 33. Rxb5 Rc5 34. Rb4 Ra5 35. Rb2 Ra3 36. Kf2 Kf7 37. Be2 Ke7 38. Nb1 Ra5 39. Nc3 Rc5 40. gxf5 Bxf5 41. Nd5+ Kd6 42. Nxb6 Bxh3 43. Nd5 Be6 44. Nc3 Kc6 45. Ne4 Ra5 46. Rd2 Bf5 47. Ng3 Be6 48. Nh5 g6 49. Ng3 Nc5 50. Rd8 Kc7 51. Rh8 h5 52. Rh6 Ra2 53. Ke1 Ra1+ 54. Kf2 Ra2 55. Ke1 Ra1+ 56. Kd2 Rg1 57. Nf1 Bh3 58. Ke1 Rg5 59. e4 Bxf1 60. Kxf1 Ne6 61. Kf2 Kc6 62. Rh8 Kd7 63. Bf1 Kc6 64. Ra8 h4 65. Ra6+ Kd7 66. Bh3 Rg3 67. Bxe6+ Kc7 68. Bg4 g5 69. Rg6 Kb7 70. Rxg5 h3 71. Kxg3 1-0

[Event "CZE-chT U18 Extraliga final-B 1819"]
[Site "Czech Republic"]
[Date "2019.04.13"]
[Round "10.2"]
[White "Licka, Denis"]
[Black "Stanek, Ondrej1111"]
[Result "0-1"]
[WhiteElo "1447"]
[BlackElo "2000"]
[PlyCount "70"]
[EventDate "2018.10.05"]
[EventType "team-tourn"]
[EventRounds "11"]
[EventCountry "CZE"]
[SourceTitle "EXT 2023"]
[Source "ChessBase"]
[SourceDate "2022.10.05"]
[SourceVersion "1"]
[SourceVersionDate "2022.10.05"]
[SourceQuality "1"]
[WhiteTeam "Frydek Mistek BSS (U18) II"]
[BlackTeam "Praha Bohemians (U18)"]
[WhiteTeamCountry "CZE"]
[BlackTeamCountry "CZE"]

1. e4 e5 2. Nf3 Nc6 3. Bb5 a6 4. Ba4 Nf6 5. d3 b5 6. Bb3 Bc5 7. c3 d6 8. 0-0 0-0 9. Re1 h6 10. Nbd2 Bb6 11. Nf1 Re8 12. Ng3 Na5 13. Bc2 c5 14. Nh4 Bg4 15. f3 Be6 16. Nhf5 d5 17. Be3 Nc6 18. Qd2 Bxf5 19. Nxf5 Ne7 20. g4 dxe4 21. fxe4 Nxg4 22. Qg2 Nxf5 23. Qxg4 Nxe3 24. Rxe3 c4 25. d4 Qg5 26. Qxg5 hxg5 27. Rd1 Rad8 28. Kh1 exd4 29. cxd4 Rxd4 30. Rxd4 Bxd4 31. Ra3 Re6 32. b3 Bb2 33. Ra5 Bc3 34. Ra3 Bb4 35. bxc4 Bxa3 0-1

[Event "CZE-chT U18 Extraliga Ost 1819"]
[Site "Czech Republic"]
[Date "2019.01.18"]
[Round "5.4"]
[White "Licka, Denis"]
[Black "Frank, Adam"]
[Result "0-1"]
[WhiteElo "1447"]
[BlackElo "2029"]
[PlyCount "102"]
[EventDate "2018.10.05"]
[EventType "team-tourn"]
[EventRounds "11"]
[EventCountry "CZE"]
[SourceTitle "EXT 2023"]
[Source "ChessBase"]
[SourceDate "2022.10.05"]
[SourceVersion "1"]
[SourceVersionDate "2022.10.05"]
[SourceQuality "1"]
[WhiteTeam "Frydek Mistek BSS (U18) II"]
[BlackTeam "Frydek Mistek BSS (U18)"]
[WhiteTeamCountry "CZE"]
[BlackTeamCountry "CZE"]

1. e4 e5 2. Nf3 Nc6 3. Bb5 a6 4. Ba4 Nf6 5. d3 b5 6. Bb3 Be7 7. 0-0 d6 8. c3 0-0 9. Nbd2 Be6 10. Bc2 d5 11. exd5 Nxd5 12. Re1 Bd6 13. Ne4 h6 14. d4 exd4 15. Nxd4 Nxd4 16. Qxd4 Qe7 17. Nxd6 Qxd6 18. Qe4 Nf6 19. Qf3 Bd5 20. Qf5 Be6 21. Qf3 Bg4 22. Qd3 Rfe8 23. Be3 Qc6 24. f3 Rad8 25. Qf1 Bh5 26. Bd4 Rxe1 27. Rxe1 Rxd4 28. cxd4 Qxc2 29. Re2 Qc4 30. Qf2 Qxa2 31. Re7 Nd5 32. Re8+ Kh7 33. f4 Bg6 34. f5 Qb1+ 35. Re1 Qxf5 36. Qxf5 Bxf5 37. Re8 Kg6 38. Ra8 Nb4 39. Kf1 Be6 40. Ke2 Kf5 41. Kd2 Ke4 42. Kc3 Nd5+ 43. Kd2 Kxd4 44. Rxa6 c5 45. Ra5 b4 46. Rb5 c4 47. Kc1 Kd3 48. Rb7 c3 49. bxc3 bxc3 50. Rb5 Nf4 51. Rc5 Bc4 0-1